| 000 | 00696nam a2200121Ia 4500 | ||
|---|---|---|---|
| 008 | 220620s9999||||xx |||||||||||||| ||und|| | ||
| 100 | _aHilgert, Jeffrey | ||
| 245 | 0 |
_aHazard or Hardship _bCrafting Global Norms on the Right to Refuse Unsafe Work |
|
| 546 | _aEnglish[eng] | ||
| 650 | _aBusiness & Management||labor||labour||human rights||workplace||safety||Collective bargaining||Freedom of association||International Labour Organization||Labor rights||Occupational safety and health||Occupational Safety and Health Administration | ||
| 856 | _uhttps://library.oapen.org/bitstream/20.500.12657/30794/1/642708.pdf||https://library.oapen.org/bitstream/20.500.12657/30794/1/642708.pdf | ||
| 942 | _cEB | ||
| 999 |
_c26495 _d26495 |
||